Worst Terrorist Attacks In History - Statistics

General Stats
  • This quiz has been taken 114 times
  • The average score is 1 of 20
Answer Stats
Country Attack Year % Correct
United States 9/11 2001
99%
United Kingdom Pan Am Flight 103 1988
3%
Canada Air India Flight 182 Bombing 1985
1%
Turkey Ankara Suicide Bombings 2015
1%
Russia Beslan School Hostage Crisis 2004
1%
Iraq Camp Speicher Massacre 2014
1%
Democratic Republic Of The Congo Christmas Massacre 2008
1%
Iran Cinema Rex Fire 1978
1%
Nigeria Gamboru Ngala Attack 2016
1%
Iraq Karrada Bombing 2016
1%
Colombia Massacre of Trujillo 1990
1%
Somalia Mogadishu Bombings 2016
1%
Egypt Sinai Mosque Attack 2016
1%
Sri Lanka Sri Lankan Police Officers Massacre 1990
1%
Iraq Yazidi Communities Bombings 2007
1%
Angola Angola Train Attack 2001
0%
Syria As-Suwayda Attacks 2018
0%
Lebanon Beirut Barracks Bombing 1983
0%
India Mumbai Bombings 1993
0%
Russia Russian Apartment Bombings 1999
0%
No matching quizzes found
Score Distribution
Percent of People with Each Score
Percentile by Number Answered
Your Score History
You have not taken this quiz